[Event "Champions Showdown (blitz) 2019"]
[Site "Saint Louis USA"]
[Date "2019.02.23"]
[Round "12"]
[White "So, Wesley"]
[Black "Navara, David"]
[Result "1/2-1/2"]
[WhiteElo "2765"]
[BlackElo "2738"]
[PlyCount "167"]
[EventDate "2019.02.23"]

1. c4 Nf6 2. Nc3 e5 3. Nf3 Nc6 4. e3 g6 5. d4 d6 6. Be2 Bg7 7. O-O O-O 8. b3
exd4 9. exd4 d5 10. Bg5 dxc4 11. bxc4 h6 12. Bf4 g5 13. Be3 Ng4 14. Qd2 f5 15.
h3 Nxe3 16. fxe3 f4 17. Rad1 g4 18. hxg4 Bxg4 19. exf4 Bxf3 20. Rxf3 Qxd4+ 21.
Qxd4 Nxd4 22. Rf2 Ne6 23. Bg4 Nxf4 24. Nd5 Nxd5 25. Rxd5 Rae8 26. Rxf8+ Kxf8
27. Bh5 Re1+ 28. Kf2 Ra1 29. Rd2 Ke7 30. Bg4 Be5 31. Re2 Kf6 32. Rd2 Bd6 33.
Rb2 b6 34. Rd2 Ke5 35. Bf3 a5 36. Rd5+ Kf6 37. Rd2 a4 38. Ke3 Bb4 39. Re2 a3
40. Kd3 Rc1 41. Rc2 Rb1 42. Re2 Bd6 43. Kc2 Rb2+ 44. Kd3 Rb1 45. Kc2 Ra1 46.
Kb3 Kg5 47. Bd5 h5 48. Rf2 Rb1+ 49. Kc3 Be5+ 50. Kd3 h4 51. Re2 Bd6 52. Kc2 Ra1
53. Kb3 Kf4 54. Re4+ Kg3 55. Re2 Rb1+ 56. Kc2 Rf1 57. Kb3 Bc5 58. Rd2 Rb1+ 59.
Kc2 Ra1 60. Kb3 Bd6 61. Re2 Rb1+ 62. Kc2 Rf1 63. Kb3 Kh2 64. Kc2 Bc5 65. Kb3
Rb1+ 66. Kc2 Ra1 67. Kb3 Kg3 68. Rd2 Rg1 69. Re2 Bf2 70. Re7 Rb1+ 71. Kc3 Rb2
72. Rxc7 Bc5 73. Rg7+ Kf4 74. Rf7+ Kg4 75. Rg7+ Kf4 76. Rf7+ Ke5 77. Rh7 Rxa2
78. Rh5+ Kf6 79. Rxh4 Rf2 80. Rh1 a2 81. Ra1 Ke5 82. Kb3 b5 83. Rxa2 bxc4+ 84.
Bxc4 1/2-1/2

[Event "Champions Showdown (blitz) 2019"]
[Site "Saint Louis USA"]
[Date "2019.02.23"]
[Round "12"]
[White "Shankland, Samuel"]
[Black "Rapport, Richard"]
[Result "1-0"]
[WhiteElo "2731"]
[BlackElo "2735"]
[PlyCount "133"]
[EventDate "2019.02.23"]

1. d4 Nf6 2. c4 d6 3. Nf3 Nc6 4. d5 Ne5 5. Nxe5 dxe5 6. Nc3 e6 7. e4 Bc5 8. Bd3
O-O 9. O-O h6 10. Rb1 exd5 11. cxd5 c6 12. dxc6 bxc6 13. Qc2 Qe7 14. Bd2 Be6
15. b3 Rfd8 16. Be2 Bd4 17. Na4 c5 18. Bc3 Rac8 19. Ba6 Rb8 20. Bxd4 cxd4 21.
Qc5 Qd6 22. Bd3 Qxc5 23. Nxc5 Bc8 24. Rfc1 g5 25. b4 Rd6 26. b5 Nd7 27. a4 Kg7
28. f3 Nf8 29. a5 h5 30. Kf2 h4 31. Bc4 Ng6 32. Nd3 Bd7 33. Ke1 g4 34. fxg4
Bxg4 35. Kd2 f5 36. Bd5 Rxd5 37. exd5 e4 38. Nc5 e3+ 39. Kd3 Nf4+ 40. Kxd4 Ne2+
41. Kxe3 Nxc1 42. Rxc1 Rxb5 43. d6 Kf6 44. d7 Ke7 45. h3 f4+ 46. Kxf4 Bxd7 47.
Re1+ Kd6 48. Nxd7 Kxd7 49. Re5 Rb2 50. Rg5 Ke6 51. Rg7 Kf6 52. Rxa7 Rxg2 53.
Rh7 Kg6 54. Rh8 Ra2 55. Ra8 Ra3 56. a6 Kg7 57. Kg4 Ra4+ 58. Kg5 Kh7 59. Ra7+
Kg8 60. Kf6 Rf4+ 61. Ke5 Ra4 62. Kd5 Ra3 63. Kc4 Ra1 64. Kb5 Ra3 65. Rb7 Rb3+
66. Kc4 Rxh3 67. a7 1-0

[Event "Champions Showdown (blitz) 2019"]
[Site "Saint Louis USA"]
[Date "2019.02.24"]
[Round "13"]
[White "Harikrishna, Pentala"]
[Black "Caruana, Fabiano"]
[Result "1/2-1/2"]
[WhiteElo "2726"]
[BlackElo "2828"]
[PlyCount "182"]
[EventDate "2019.02.23"]

1. e4 e6 2. d4 d5 3. Nc3 Bb4 4. exd5 exd5 5. Bd3 Nf6 6. Nge2 O-O 7. O-O c6 8.
h3 Re8 9. a3 Bd6 10. Bf4 Ne4 11. Bxe4 dxe4 12. Re1 f5 13. d5 Bxf4 14. Nxf4 Qg5
15. g3 Qf6 16. f3 Nd7 17. fxe4 Ne5 18. Kg2 Bd7 19. exf5 Bxf5 20. Ne4 Qh6 21.
Qh5 Qxh5 22. Nxh5 Bxe4+ 23. Rxe4 cxd5 24. Re2 Nc4 25. Rae1 Rxe2+ 26. Rxe2 Kf7
27. c3 Rd8 28. Rf2+ Kg8 29. Nf4 Rd6 30. a4 g6 31. b3 Ne3+ 32. Kf3 Nf5 33. g4
Ne7 34. Rd2 Kf7 35. c4 d4 36. c5 Rf6 37. Ke4 Nc6 38. b4 Nxb4 39. Rxd4 Na6 40.
Rd7+ Ke8 41. Rxh7 Nxc5+ 42. Ke5 Ra6 43. Nd5 Nd7+ 44. Kf4 Rxa4+ 45. Kg3 Nc5 46.
Nf6+ Kd8 47. h4 b5 48. h5 gxh5 49. gxh5 Ra6 50. Rh8+ Ke7 51. Nd5+ Kf7 52. Rb8
Ra3+ 53. Kf4 a6 54. h6 Rh3 55. Rc8 Ne6+ 56. Ke5 Rxh6 57. Rc6 Rh5+ 58. Kd6 Rh6
59. Ke5 a5 60. Nf4 Nxf4 61. Rxh6 Ng6+ 62. Kd4 b4 63. Rh5 a4 64. Rb5 b3 65. Rb4
Nf4 66. Rxa4 Ne6+ 67. Kc3 Kf6 68. Ra5 Ke7 69. Kxb3 Kd6 70. Kc4 Kc6 71. Ra6+ Kd7
72. Rb6 Ke7 73. Kd5 Nc7+ 74. Ke5 Kd7 75. Rd6+ Ke7 76. Rd1 Ne6 77. Rd2 Nc7 78.
Rd6 Ne8 79. Re6+ Kd7 80. Rh6 Nc7 81. Kd4 Ne6+ 82. Ke4 Nc7 83. Ke5 Nb5 84. Rb6
Nc7 85. Rd6+ Ke7 86. Rc6 Kd7 87. Rc5 Ne8 88. Rd5+ Ke7 89. Ra5 Nc7 90. Ra7 Kd7
91. Rxc7+ Kxc7 1/2-1/2

[Event "Champions Showdown (blitz) 2019"]
[Site "Saint Louis USA"]
[Date "2019.02.24"]
[Round "13"]
[White "Duda, Jan-Krzysztof"]
[Black "Nakamura, Hikaru"]
[Result "1/2-1/2"]
[WhiteElo "2731"]
[BlackElo "2749"]
[PlyCount "138"]
[EventDate "2019.02.23"]

1. c4 Nf6 2. Nf3 e6 3. g3 d5 4. Bg2 Be7 5. O-O O-O 6. b3 c5 7. Bb2 d4 8. e3 Nc6
9. exd4 cxd4 10. Re1 Ne8 11. Na3 f6 12. d3 e5 13. Nc2 Nc7 14. a3 a5 15. Rb1 Be6
16. Bc1 Qd7 17. Qe2 b5 18. Nd2 a4 19. b4 bxc4 20. Nxc4 Rab8 21. Bb2 Nb5 22. f4
Kh8 23. fxe5 f5 24. Nd6 Nc3 25. Bxc3 dxc3 26. d4 Bb3 27. b5 Na7 28. Nb4 Bxd6
29. Bc6 Qd8 30. exd6 Qxd6 31. Qe5 Qxe5 32. Rxe5 Rfd8 33. Rc1 Bc4 34. Rxc3 Bxb5
35. d5 g6 36. Re7 Nc8 37. Rc7 Nd6 38. Re3 Ne4 39. g4 Rd6 40. Rh3 Ng5 41. Re3
Ne4 42. Bxb5 Rxb5 43. gxf5 gxf5 44. Rh3 h6 45. Rh5 Rf6 46. Kg2 Rb8 47. Kf3 Rg8
48. Kf4 Rg4+ 49. Ke5 Rg5 50. Rxg5 hxg5 51. Nc6 Rh6 52. Ne7 Nd6 53. Nxf5 Nxf5
54. Kxf5 Kg8 55. Rc2 Kf7 56. Kxg5 Rh3 57. Rc7+ Ke8 58. d6 Rxa3 59. h4 Rg3+ 60.
Kh6 Rd3 61. Ra7 Rxd6+ 62. Kg5 Rd5+ 63. Kf6 Rd6+ 64. Ke5 Rb6 65. h5 Kf8 66. Rxa4
Kg7 67. Rg4+ Kh6 68. Rg6+ Rxg6 69. hxg6 Kxg6 1/2-1/2

[Event "Champions Showdown (blitz) 2019"]
[Site "Saint Louis USA"]
[Date "2019.02.24"]
[Round "13"]
[White "Navara, David"]
[Black "So, Wesley"]
[Result "0-1"]
[WhiteElo "2738"]
[BlackElo "2765"]
[PlyCount "118"]
[EventDate "2019.02.23"]

1. c4 e6 2. Nc3 d5 3. d4 Be7 4. cxd5 exd5 5. Bf4 c6 6. e3 Bf5 7. Nge2 Nd7 8.
Ng3 Bg6 9. Rc1 Nf8 10. h4 h5 11. Qb3 Qb6 12. Nxd5 Qxb3 13. Nc7+ Kd7 14. axb3
Rc8 15. d5 Bb4+ 16. Kd1 Rxc7 17. Bxc7 Kxc7 18. dxc6 bxc6 19. Bc4 Ne6 20. Ke2
Nf6 21. f4 Re8 22. Kf3 Ng4 23. Bxe6 fxe6 24. Rc4 c5 25. Ne4 Bxe4+ 26. Rxe4 e5
27. Rc1 Kd6 28. Rd1+ Ke6 29. fxe5 Nxe5+ 30. Ke2 Rf8 31. Rf4 Rxf4 32. exf4 Nc6
33. Rd3 Nd4+ 34. Ke3 Kf5 35. Rd1 a5 36. g3 g6 37. Kf2 Ke4 38. g4 hxg4 39. Kg3
Kf5 40. Rd3 Ne2+ 41. Kf2 Nxf4 42. Rd8 Ne6 43. Rd5+ Kf4 44. Rd6 Ke5 45. Ra6 Kf5
46. Rd6 Nd4 47. Rd5+ Kf6 48. Rd6+ Kg7 49. Rd7+ Kh6 50. Kg3 Nxb3 51. Kxg4 Nd4
52. Rc7 Nf5 53. h5 Ne3+ 54. Kf3 Nd5 55. Rd7 Nf6 56. Rd6 Nxh5 57. b3 Ng7 58. Kg4
Nf5 59. Rd7 Nd4 0-1

[Event "Champions Showdown (blitz) 2019"]
[Site "Saint Louis USA"]
[Date "2019.02.24"]
[Round "13"]
[White "Topalov, Veselin"]
[Black "Dominguez Perez, Leinier"]
[Result "1/2-1/2"]
[WhiteElo "2740"]
[BlackElo "2739"]
[PlyCount "139"]
[EventDate "2019.02.23"]

1. d4 Nf6 2. c4 g6 3. g3 Bg7 4. Bg2 O-O 5. Nc3 c5 6. Nf3 cxd4 7. Nxd4 Nc6 8.
O-O Qa5 9. e3 d6 10. Bd2 Bd7 11. b3 Rfc8 12. Rc1 Rab8 13. Nxc6 Bxc6 14. e4 Qa3
15. Rc2 a6 16. Bc1 Qa5 17. Bd2 Qd8 18. Be3 b5 19. cxb5 axb5 20. Qd2 b4 21. Nd5
Nxd5 22. exd5 Bc3 23. Qc1 Bb5 24. Rd1 Bf6 25. Bh3 Rxc2 26. Qxc2 Qa5 27. Bd2 Qa3
28. Bc1 Qa6 29. Bd2 Be2 30. Re1 Bf3 31. Qc7 Ra8 32. Bg2 Bxg2 33. Kxg2 Qxa2 34.
Qb7 Rf8 35. Qxb4 Qa8 36. Qc4 Rc8 37. Qd3 Rc5 38. Be3 Rxd5 39. Qe4 e6 40. Rc1 h5
41. h4 Qb7 42. Qf3 Bg7 43. Bg5 Rb5 44. Qxb7 Rxb7 45. Rb1 Bc3 46. Kf3 f6 47. Be3
d5 48. Ke2 e5 49. Kd3 d4 50. Bc1 Kf7 51. f4 Ke6 52. fxe5 fxe5 53. Ke4 Rf7 54.
Bg5 Rf2 55. b4 Re2+ 56. Kd3 Rg2 57. Kc4 Ra2 58. b5 Ra8 59. b6 Kd6 60. b7 Rb8
61. Kd3 Kc6 62. Bf6 Rxb7 63. Rxb7 Kxb7 64. Bxe5 Kc6 65. Bxd4 Be1 66. Be5 Kd5
67. Bf4 Bb4 68. Bb8 Bc5 69. Bf4 Ke6 70. Ke4 1/2-1/2

[Event "Champions Showdown (blitz) 2019"]
[Site "Saint Louis USA"]
[Date "2019.02.24"]
[Round "13"]
[White "Rapport, Richard"]
[Black "Shankland, Samuel"]
[Result "1-0"]
[WhiteElo "2735"]
[BlackElo "2731"]
[PlyCount "54"]
[EventDate "2019.02.23"]

1. d4 Nf6 2. Bg5 e6 3. Nd2 h6 4. Bh4 Be7 5. e4 d6 6. Bd3 Nbd7 7. Ne2 Nf8 8. f3
Ng6 9. Bf2 e5 10. O-O O-O 11. c3 d5 12. exd5 Nxd5 13. Bxg6 fxg6 14. dxe5 g5 15.
Ne4 Bf5 16. N4g3 Bg6 17. Qb3 c6 18. Qxb7 Kh7 19. Qxc6 Rc8 20. Qa4 Nb6 21. Qxa7
Nc4 22. Rad1 Qe8 23. Rd7 Bd8 24. Rxg7+ Kh8 25. e6 Bf6 26. Bd4 Ne5 27. e7 Bxg7
1-0

[Event "Champions Showdown (blitz) 2019"]
[Site "Saint Louis USA"]
[Date "2019.02.24"]
[Round "14"]
[White "Caruana, Fabiano"]
[Black "Harikrishna, Pentala"]
[Result "1-0"]
[WhiteElo "2828"]
[BlackElo "2726"]
[PlyCount "91"]
[EventDate "2019.02.23"]

1. e4 e5 2. Bc4 Nf6 3. d3 c6 4. Nf3 d5 5. Bb3 a5 6. a3 a4 7. Ba2 Bd6 8. Nc3
dxe4 9. Ng5 O-O 10. Ncxe4 Nxe4 11. Nxe4 Bf5 12. Qf3 Bxe4 13. dxe4 Nd7 14. O-O
Qe7 15. Bd2 Nc5 16. Rad1 Ne6 17. Bc3 Nd4 18. Bxd4 exd4 19. g3 c5 20. Bc4 Qd7
21. Qd3 Ra5 22. f4 b5 23. Bd5 Bb8 24. c4 dxc3 25. Qxc3 Ra6 26. e5 Qe7 27. Kg2
c4 28. Qf3 Ra7 29. Rfe1 Kh8 30. e6 fxe6 31. Rxe6 Qc5 32. Be4 Re7 33. Rd5 Qc7
34. Rxe7 Qxe7 35. Rxb5 c3 36. Rb7 Qe6 37. bxc3 Qa2+ 38. Kh3 Qe6+ 39. Qg4 Qf6
40. Qh5 Qe6+ 41. Qg4 Qf6 42. c4 Bd6 43. Qf3 Qh6+ 44. Kg2 Bc5 45. Rb5 Qd6 46.
Qh5 1-0

[Event "Champions Showdown (blitz) 2019"]
[Site "Saint Louis USA"]
[Date "2019.02.24"]
[Round "14"]
[White "Nakamura, Hikaru"]
[Black "Duda, Jan-Krzysztof"]
[Result "1/2-1/2"]
[WhiteElo "2749"]
[BlackElo "2731"]
[PlyCount "233"]
[EventDate "2019.02.23"]

1. Nf3 d5 2. e3 Nf6 3. c4 e6 4. b3 c5 5. Bb2 Nc6 6. cxd5 exd5 7. Be2 Bd6 8. O-O
O-O 9. d4 cxd4 10. Nxd4 Qe7 11. Nd2 Nxd4 12. Bxd4 Bf5 13. Nb1 Ne4 14. Nc3 Nxc3
15. Bxc3 Be5 16. Bxe5 Qxe5 17. Qd2 Rac8 18. Rac1 b6 19. Ba6 Rxc1 20. Rxc1 Rd8
21. f3 Be6 22. Qc3 Qxc3 23. Rxc3 Kf8 24. Rc7 d4 25. exd4 Rd7 26. Rxd7 Bxd7 27.
Bd3 h6 28. Kf2 g5 29. Ke3 Ke7 30. Bc4 f6 31. b4 Bf5 32. Bd3 Be6 33. a3 Bf7 34.
Bh7 Bd5 35. g3 Kd6 36. Bc2 Bc6 37. Bb3 Bb7 38. h4 Bc6 39. Bc2 Bd5 40. Be4 Be6
41. Kd3 Bf7 42. Kc3 Be6 43. Kd2 Bf7 44. Ke3 Be6 45. Bh7 Bd5 46. Bc2 Bc6 47. f4
Bd5 48. Be4 Bf7 49. Bf3 Bg6 50. Bg4 Bc2 51. Be2 Bg6 52. Bd3 Bf7 53. Be4 Bh5 54.
Kd3 Bf7 55. Bf5 Bd5 56. Be4 Bf7 57. Ke3 Bh5 58. Bc2 Bf7 59. Bd1 Bg6 60. Bf3 Bf7
61. Be4 Bh5 62. fxg5 fxg5 63. Bf5 Bd1 64. Bg6 Kd5 65. Bf7+ Kd6 66. Bc4 Bh5 67.
Kd2 Bg4 68. Kc3 Bf5 69. Be2 Be4 70. Kc4 Bc6 71. Bg4 Be8 72. Bf5 Bc6 73. Kd3 Bf3
74. Ke3 Bd5 75. Be4 Bf7 76. Kd2 Be6 77. Kc3 Bf7 78. Kd3 Be6 79. Bf3 Bf5+ 80.
Kc4 Bd7 81. Bd1 Bc6 82. a4 a5 83. bxa5 bxa5 84. Kd3 Bd5 85. Ke3 Bc6 86. Bb3 Bb7
87. Kd2 Bc6 88. Kd3 Bb7 89. Bc4 Bc6 90. Bb5 Bd5 91. Ke3 Ke7 92. Kd2 Kd6 93. Ke2
Ke7 94. Kd3 Kd6 95. Bc4 Bc6 96. Bb3 Bb7 97. Bd1 Bd5 98. Bc2 Ke7 99. Ke3 Kd6
100. Bd3 Bc6 101. Bb5 Bd5 102. Kd2 Be4 103. Kc3 Bd5 104. Kd3 Ke7 105. Bc4 Bc6
106. Bb3 Kd6 107. Ke3 Bb7 108. hxg5 hxg5 109. d5 Ke5 110. Kf3 Bc8 111. Ke3 Bf5
112. d6 Kxd6 113. Kd4 Bd7 114. Bd1 Be6 115. Bc2 Bd7 116. Bd1 Be6 117. Bc2
1/2-1/2

[Event "Champions Showdown (blitz) 2019"]
[Site "Saint Louis USA"]
[Date "2019.02.24"]
[Round "14"]
[White "So, Wesley"]
[Black "Navara, David"]
[Result "1-0"]
[WhiteElo "2765"]
[BlackElo "2738"]
[PlyCount "89"]
[EventDate "2019.02.23"]

1. e4 c6 2. d4 d5 3. e5 c5 4. dxc5 e6 5. Nf3 Bxc5 6. a3 f6 7. b4 Be7 8. Bb2 a5
9. b5 Nd7 10. Nbd2 Qc7 11. exf6 Ngxf6 12. c4 Bc5 13. Bd3 O-O 14. O-O Nb6 15.
Rc1 Qe7 16. a4 Bd7 17. cxd5 Nbxd5 18. Ne4 Rac8 19. Nxc5 Rxc5 20. Qd2 Nb4 21.
Rxc5 Qxc5 22. Bxf6 Rxf6 23. Bxh7+ Kxh7 24. Qxd7 Rxf3 25. gxf3 Qf5 26. Qd4 Qxf3
27. Qh4+ Kg8 28. Qg3 Qe4 29. f3 Qe3+ 30. Qf2 Qg5+ 31. Kh1 Nd3 32. Qg3 Qe3 33.
Rg1 Nf2+ 34. Kg2 Nd3 35. Kh1 Nf2+ 36. Kg2 Nd3 37. Rf1 Qe2+ 38. Kg1 Qe3+ 39. Kh1
Qe2 40. Qg2 Qe3 41. h3 Nf4 42. Qg3 Qe2 43. Rg1 Nh5 44. Qg4 Qe5 45. Qg5 1-0

[Event "Champions Showdown (blitz) 2019"]
[Site "Saint Louis USA"]
[Date "2019.02.24"]
[Round "14"]
[White "Dominguez Perez, Leinier"]
[Black "Topalov, Veselin"]
[Result "1-0"]
[WhiteElo "2739"]
[BlackElo "2740"]
[PlyCount "61"]
[EventDate "2019.02.23"]

1. e4 e5 2. Nf3 Nc6 3. Bb5 Nf6 4. d3 Bc5 5. Nbd2 d6 6. c3 O-O 7. O-O Ne7 8. d4
exd4 9. cxd4 Bb6 10. Re1 Bg4 11. h3 Bh5 12. a4 a6 13. Bf1 Nc6 14. a5 Nxa5 15.
d5 c5 16. b3 Bc7 17. Bb2 b5 18. g4 Bg6 19. Nh4 Nxe4 20. Nxg6 Nxd2 21. Nxf8
Naxb3 22. Ne6 fxe6 23. dxe6 Qe7 24. Bg2 Rf8 25. Rxa6 c4 26. Bc3 Nc5 27. Ra7
Ndb3 28. Qd5 Kh8 29. Rxc7 Qxc7 30. e7 Re8 31. Qf7 1-0

[Event "Champions Showdown (blitz) 2019"]
[Site "Saint Louis USA"]
[Date "2019.02.24"]
[Round "14"]
[White "Shankland, Samuel"]
[Black "Rapport, Richard"]
[Result "0-1"]
[WhiteElo "2731"]
[BlackElo "2735"]
[PlyCount "94"]
[EventDate "2019.02.23"]

1. d4 e6 2. c4 f5 3. e3 Nf6 4. Bd3 Bb4+ 5. Nd2 c5 6. Ngf3 O-O 7. O-O b6 8. d5
Bxd2 9. Nxd2 exd5 10. cxd5 d6 11. e4 Ba6 12. Bxa6 Nxa6 13. exf5 Qd7 14. Nc4
Qxf5 15. Nxd6 Qxd5 16. Bf4 Nb4 17. Qe2 Nh5 18. Be5 Nd3 19. Rad1 Nhf4 20. Bxf4
Nxf4 21. Qg4 Qxa2 22. Nf5 Ng6 23. Rd7 Rf7 24. Rxf7 Qxf7 25. Nd6 Qb3 26. h4 Rf8
27. h5 Ne5 28. Qe4 Qe6 29. Nb5 Qf5 30. Qd5+ Kh8 31. Nd6 Qf6 32. f4 Ng4 33. Re1
Qd4+ 34. Qxd4 cxd4 35. Re7 d3 36. Ne4 Rd8 37. Kf1 Nf6 38. Nd2 Nxh5 39. Rxa7
Nxf4 40. Kf2 Re8 41. Kf3 Ng6 42. Nc4 h6 43. Nxb6 Rd8 44. Ra1 Ne5+ 45. Ke4 d2
46. Nd5 Nc4 47. b3 Nb2 0-1

[Event "Champions Showdown (blitz) 2019"]
[Site "Saint Louis USA"]
[Date "2019.02.24"]
[Round "15"]
[White "Harikrishna, Pentala"]
[Black "Caruana, Fabiano"]
[Result "1-0"]
[WhiteElo "2726"]
[BlackElo "2828"]
[PlyCount "71"]
[EventDate "2019.02.23"]

1. e4 e6 2. d4 d5 3. Nc3 Nf6 4. e5 Nfd7 5. Nce2 c5 6. c3 Nc6 7. Nf3 b5 8. Nf4
Qb6 9. Be2 a5 10. Be3 Ba6 11. O-O h6 12. Rc1 O-O-O 13. a4 c4 14. b3 Ba3 15.
axb5 Bxc1 16. bxc6 Bxe3 17. cxd7+ Rxd7 18. fxe3 g5 19. Nh5 cxb3 20. Bxa6+ Qxa6
21. Qxb3 Rb7 22. Qa3 Kb8 23. Nf6 Rc8 24. Qd6+ Ka7 25. e4 Rc6 26. Qa3 Qb5 27.
exd5 exd5 28. Ra1 Ka6 29. h3 Rbc7 30. Ne8 Ra7 31. Nd6 Qb6 32. Qa2 Rac7 33. Qe2+
Ka7 34. Nb5+ Kb7 35. Nxc7 Kxc7 36. Qa2 1-0

[Event "Champions Showdown (blitz) 2019"]
[Site "Saint Louis USA"]
[Date "2019.02.24"]
[Round "15"]
[White "Duda, Jan-Krzysztof"]
[Black "Nakamura, Hikaru"]
[Result "0-1"]
[WhiteElo "2731"]
[BlackElo "2749"]
[PlyCount "122"]
[EventDate "2019.02.23"]

1. c4 Nf6 2. Nf3 e6 3. g3 d5 4. Bg2 Be7 5. O-O O-O 6. cxd5 exd5 7. b3 c5 8. d4
b6 9. Bb2 a5 10. Nc3 Bb7 11. Rc1 Na6 12. e3 Re8 13. Qd3 Nb4 14. Qb1 c4 15. Ne5
cxb3 16. axb3 Ba6 17. Rfd1 Bd6 18. h3 Rc8 19. f4 Bb7 20. g4 Ne4 21. Nxe4 Rxc1
22. Bxc1 dxe4 23. Bxe4 Bxe4 24. Qxe4 Bxe5 25. fxe5 f6 26. Ba3 Rxe5 27. Qf3 Re7
28. Bxb4 axb4 29. Ra1 Re8 30. Kg2 Qc7 31. Ra8 Qc2+ 32. Kg3 Qc7+ 33. Kg2 Qc2+
34. Kf1 Rxa8 35. Qxa8+ Kf7 36. Qd5+ Kf8 37. Qd6+ Kf7 38. Qxb4 Qc1+ 39. Kf2 Qc2+
40. Kf3 Qd1+ 41. Kf2 Qc2+ 42. Kg3 Qc7+ 43. Kf3 Qh2 44. Qxb6 Qxh3+ 45. Kf2 Qh2+
46. Kf3 Qh3+ 47. Kf2 Qh2+ 48. Ke1 Qg1+ 49. Kd2 Qxg4 50. Qc7+ Kg6 51. b4 h5 52.
b5 Qg2+ 53. Kc3 h4 54. b6 h3 55. b7 h2 56. b8=Q h1=Q 57. Kb4 Qb2+ 58. Kc5 Qa3+
59. Kc4 Qf1+ 60. Kd5 Qf3+ 61. Ke6 Qf5# 0-1

[Event "Champions Showdown (blitz) 2019"]
[Site "Saint Louis USA"]
[Date "2019.02.24"]
[Round "15"]
[White "Navara, David"]
[Black "So, Wesley"]
[Result "1/2-1/2"]
[WhiteElo "2738"]
[BlackElo "2765"]
[PlyCount "116"]
[EventDate "2019.02.23"]

1. c4 e6 2. Nc3 d5 3. d4 Be7 4. cxd5 exd5 5. Bf4 c6 6. e3 Bf5 7. Nge2 Nd7 8.
Ng3 Bg6 9. Be2 Ngf6 10. h4 h5 11. Bg5 Bd6 12. f4 Qb6 13. Qd2 O-O-O 14. Rc1 Kb8
15. a3 Rde8 16. Bxf6 Nxf6 17. b4 Re7 18. O-O Rhe8 19. Rf3 Ng4 20. Nf1 Qd8 21.
b5 Bxa3 22. Ra1 Bb4 23. bxc6 bxc6 24. Qb2 a5 25. f5 Bh7 26. Na2 Rb7 27. Nxb4
Rxb4 28. Qc3 Qb6 29. Bd1 g6 30. Nd2 gxf5 31. Nb3 f4 32. Nxa5 Kc7 33. Nxc6 Rc4
34. Ra7+ Qxa7 35. Nxa7 Rxc3 36. Nb5+ Kc6 37. Nxc3 Rxe3 38. Rxe3 fxe3 39. Kf1
Kd6 40. Bxg4 hxg4 41. Ke2 g3 42. Kxe3 Bg6 43. Kf4 Bh5 44. Kxg3 f6 45. Kf4 Ke6
46. g4 Bg6 47. Ne2 Bd3 48. Ke3 Bc2 49. Nf4+ Kd6 50. g5 fxg5 51. hxg5 Bf5 52.
Kf3 Kc6 53. Kg3 Bb1 54. Kg4 Kb5 55. g6 Bxg6 56. Nxg6 Kc4 57. Nf4 Kxd4 58. Nxd5
Kxd5 1/2-1/2

[Event "Champions Showdown (blitz) 2019"]
[Site "Saint Louis USA"]
[Date "2019.02.24"]
[Round "15"]
[White "Topalov, Veselin"]
[Black "Dominguez Perez, Leinier"]
[Result "1/2-1/2"]
[WhiteElo "2740"]
[BlackElo "2739"]
[PlyCount "143"]
[EventDate "2019.02.23"]

1. d4 Nf6 2. c4 g6 3. g3 c5 4. Nf3 Bg7 5. Bg2 Qa5+ 6. Nc3 Nc6 7. O-O cxd4 8.
Nxd4 Qc5 9. e3 Qxc4 10. Ndb5 O-O 11. b3 Qg4 12. Bb2 d6 13. Bf3 Qh3 14. Bg2 Qh5
15. Qxh5 Nxh5 16. Rac1 Bd7 17. Ba3 Nf6 18. Nc7 Rac8 19. N7d5 Nxd5 20. Nxd5 Rfe8
21. Rfd1 Kf8 22. h3 h5 23. f4 Be6 24. Kf2 Red8 25. Rc2 Na5 26. Nc7 Bf5 27. Rcc1
Bd7 28. b4 Nc6 29. Nd5 Nb8 30. Re1 Rxc1 31. Rxc1 Rc8 32. Rxc8+ Bxc8 33. b5 Nd7
34. Bb4 Nc5 35. b6 axb6 36. Nxb6 Nd3+ 37. Ke2 Bxh3 38. Bxh3 Nxb4 39. a3 Nc2 40.
a4 e6 41. Bg2 d5 42. e4 Bd4 43. Nc8 Ne3 44. Bh1 dxe4 45. Bxe4 Nd5 46. a5 Bc3
47. Nb6 Nxb6 48. axb6 Bd4 49. Bxb7 Bxb6 50. Kf3 Kg7 51. g4 hxg4+ 52. Kxg4 f5+
53. Kf3 Kf6 54. Ba6 Bc7 55. Bb5 Bxf4 56. Kxf4 e5+ 57. Kf3 e4+ 58. Kf4 g5+ 59.
Ke3 Ke5 60. Bd7 g4 61. Kf2 Kf4 62. Bc8 Kg5 63. Bb7 Kf6 64. Bc8 Ke5 65. Bd7 Kf4
66. Bc8 g3+ 67. Kg2 Kg4 68. Bd7 Kf4 69. Bxf5 Kxf5 70. Kxg3 Ke5 71. Kf2 Kd4 72.
Ke2 1/2-1/2

[Event "Champions Showdown (blitz) 2019"]
[Site "Saint Louis USA"]
[Date "2019.02.24"]
[Round "15"]
[White "Rapport, Richard"]
[Black "Shankland, Samuel"]
[Result "1-0"]
[WhiteElo "2735"]
[BlackElo "2731"]
[PlyCount "55"]
[EventDate "2019.02.23"]

1. d4 d5 2. Bg5 f6 3. Bf4 Nc6 4. Bg3 Nh6 5. e3 Nf5 6. c4 e5 7. cxd5 Qxd5 8. Nc3
Bb4 9. a3 Bxc3+ 10. bxc3 Be6 11. Nf3 O-O-O 12. Be2 h5 13. dxe5 Qa5 14. Qc2 h4
15. Bf4 g5 16. Bxg5 fxg5 17. Nxg5 Qxe5 18. Nxe6 Nxe3 19. fxe3 Qxe6 20. O-O
Qxe3+ 21. Kh1 Kb8 22. Bg4 Ne5 23. Bh3 Nd3 24. Bf5 a6 25. Rf3 Qe1+ 26. Rxe1 Nxe1
27. Qb1 Nxf3 28. Be4 1-0

[Event "Champions Showdown (blitz) 2019"]
[Site "Saint Louis USA"]
[Date "2019.02.24"]
[Round "16"]
[White "Caruana, Fabiano"]
[Black "Harikrishna, Pentala"]
[Result "0-1"]
[WhiteElo "2828"]
[BlackElo "2726"]
[PlyCount "66"]
[EventDate "2019.02.23"]

1. d4 Nf6 2. c4 e6 3. Nc3 Bb4 4. e3 O-O 5. Nge2 c6 6. a3 Ba5 7. b4 Bc7 8. Bb2
d5 9. Ng3 Nbd7 10. Rc1 Re8 11. cxd5 exd5 12. Bd3 Nf8 13. b5 Ng4 14. Be2 Qh4 15.
Bxg4 Bxg4 16. Qd2 Bxg3 17. fxg3 Qg5 18. O-O Qxe3+ 19. Qxe3 Rxe3 20. bxc6 bxc6
21. Na4 Rc8 22. Nc5 Ne6 23. Rfe1 Rxe1+ 24. Rxe1 Rb8 25. Bc3 Nxc5 26. dxc5 Be6
27. Re2 Rb1+ 28. Kf2 h5 29. Rb2 Rc1 30. Bd4 Rc4 31. Ke3 Ra4 32. Rb3 Kh7 33. Bb2
d4+ 0-1

[Event "Champions Showdown (blitz) 2019"]
[Site "Saint Louis USA"]
[Date "2019.02.24"]
[Round "16"]
[White "Nakamura, Hikaru"]
[Black "Duda, Jan-Krzysztof"]
[Result "1/2-1/2"]
[WhiteElo "2749"]
[BlackElo "2731"]
[PlyCount "164"]
[EventDate "2019.02.23"]

1. Nf3 Nf6 2. c4 b6 3. d4 e6 4. g3 Ba6 5. b3 c6 6. Bg2 d5 7. O-O Be7 8. Ne5
Nfd7 9. Nf3 dxc4 10. Qc2 cxb3 11. axb3 Bb7 12. Rd1 O-O 13. Nc3 Na6 14. e4 Nb4
15. Qb1 a5 16. Bf4 Re8 17. h4 h6 18. Nd2 c5 19. Nc4 cxd4 20. Rxd4 Bc5 21. Rd2
Re7 22. Nb5 Qf8 23. Qd1 Nf6 24. Bd6 Nxe4 25. Bxe7 Qxe7 26. Bxe4 Bxe4 27. Nc3
Bc6 28. Ne5 Qf6 29. Qe1 Rf8 30. Kh2 Ba8 31. f4 Qf5 32. Nd7 Rc8 33. Nxc5 Qxc5
34. Rc1 Qf5 35. Rcd1 Nd5 36. Nxd5 Bxd5 37. Qe3 b5 38. Ra1 b4 39. Rxa5 Qb1 40.
Raxd5 exd5 41. Qd3 Qxd3 42. Rxd3 Rc3 43. Rxd5 Rxb3 44. Rd8+ Kh7 45. h5 Rc3 46.
Rb8 b3 47. Rb7 Rc2+ 48. Kh3 b2 49. Kg4 Rf2 50. Kf5 Re2 51. Kg4 Kg8 52. Rb8+ Kh7
53. Rb7 Rh2 54. Kf3 f5 55. Rb8 Rc2 56. Ke3 Rc3+ 57. Kf2 Rc2+ 58. Ke3 Rh2 59.
Kf3 g5 60. hxg6+ Kxg6 61. Rb6+ Kh5 62. Rb5 Kg6 63. Rb6+ Kf7 64. Ke3 Rg2 65. Kd4
Re2 66. Kd5 Kg7 67. Kd4 h5 68. Kd3 Rg2 69. Kd4 Re2 70. Kd3 Rg2 71. Kd4 Rxg3 72.
Rxb2 h4 73. Ke5 Kg6 74. Rb6+ Kh5 75. Kxf5 Rg8 76. Rb7 Rf8+ 77. Ke4 Kg6 78. Rb6+
Rf6 79. Rxf6+ Kxf6 80. Kf3 Kf5 81. Kg2 h3+ 82. Kxh3 Kxf4 1/2-1/2

[Event "Champions Showdown (blitz) 2019"]
[Site "Saint Louis USA"]
[Date "2019.02.24"]
[Round "16"]
[White "So, Wesley"]
[Black "Navara, David"]
[Result "1-0"]
[WhiteElo "2765"]
[BlackElo "2738"]
[PlyCount "76"]
[EventDate "2019.02.23"]

1. e4 c6 2. d4 d5 3. e5 c5 4. dxc5 e6 5. Nf3 Bxc5 6. a3 f6 7. b4 Be7 8. Bb2 a5
9. b5 Nd7 10. Nbd2 Nh6 11. Be2 O-O 12. O-O Ng4 13. exf6 Bxf6 14. Bxf6 Qxf6 15.
c4 a4 16. Rc1 Kh8 17. h3 Nge5 18. Re1 Ng6 19. Nf1 e5 20. Ne3 e4 21. Ng4 exf3
22. Nxf6 fxe2 23. Rxe2 Nxf6 24. cxd5 Nf4 25. Rd2 Ne4 26. Rd4 Bf5 27. f3 Nxh3+
28. gxh3 Nd6 29. b6 Rf6 30. h4 Raf8 31. Kh2 Bc8 32. Rxa4 Rxf3 33. Qxf3 Rxf3 34.
Ra8 Rf2+ 35. Kg1 Rf8 36. a4 Kg8 37. a5 Re8 38. a6 bxa6 1-0